Valorant - Armes - Statistiques

Statistiques générales
  • Ce quiz a été pris 7 133 fois
    3 244 depuis la dernière actualisation
  • Le résultat moyen est 15 sur 18
Statistiques - réponses
Réponses % Correct
Vandal
99%
Phantom
98%
Ghost
95%
Operator
95%
Classic
93%
Odin
91%
Sheriff
90%
Marshal
88%
Spectre
88%
Frenzy
84%
Arès
82%
Guardian
82%
Shorty
82%
Bulldog
79%
Bucky
77%
Outlaw
77%
Stinger
76%
Judge
75%
Aucun quiz correspondant
Distribution des résultats
% des personnes avec chaque résultat
Percentile par nombre de réponses
Votre historique - résultats
Vous n’avez pas pris ce quiz depuis la dernière actualisation